Music GK 1 - Statistics

General Stats
  • This quiz has been taken 21 times
  • The average score is 10 of 15
Answer Stats
Hint Answer % Correct
Which is the only Beatle not to have a UK solo number 1 single? Ringo Starr
100%
Which act has included members Sarah, Keren, Siobhan & Jacquie? Bananarama
88%
Which singer has had hit duets with Neil Diamond, Donna Summer & Barry Gibb? Barbra Streisand
88%
Which act produced Liza Minnelli's 1989 album 'Results'? Pet Shop Boys
88%
Silly Love Songs was a 1976 hit for which group? Wings
88%
Vince Clarke formed which band after leaving Depeche Mode? Yazoo
88%
In which year did Slade's hit Merry Xmas Everybody first hit the charts? 1973
75%
In the UK charts, how many weeks did Bohemian Rhapsody spend at number 1 in it's first stint at the top? (number) 9
75%
The Visitors was a 1981 album by which group? Abba
75%
If I Said You Had A Beautiful Body Would You Hold it Against Me was a 1979 hit for which group? Bellamy Brothers
75%
Who was the uncredited co-vocalist on Meat Loaf's hit single 'Deadringer For Love'? Cher
63%
What was Donna Summer's first US number 1 single? MacArthur Park
38%
Who was the last act to have their UK Eurovision Song Contest entry reach the top of the UK charts? Gina G
25%
To date what was the last Rolling Stones single to reach the UK number 1 spot? Jumping Jack Flash
25%
An Hour Before It's Dark is the 2022 album by which group who came to prominence in the 1980's? Marillion
13%
No matching quizzes found
Score Distribution
Percent of People with Each Score
Percentile by Number Answered
Your Score History
You have not taken this quiz